| 000 | 01434nam a22003257a 4500 | ||
|---|---|---|---|
| 003 | OSt | ||
| 005 | 20210511112343.0 | ||
| 007 | ta | ||
| 008 | 210310b 2020 dr ac 00| 0 eng d | ||
| 020 | _a9789945220681 | ||
| 040 |
_aDO-SdBNP _bspa _cBNPHU |
||
| 041 | _hSPA | ||
| 082 | 7 | 4 |
_a791.4362355 _bM519u 2020 _222 |
| 100 | 1 |
_aMeléndez, Agliberto _961985 |
|
| 245 | 1 | 3 |
_aUn pasaje de ida : _bla tragedia del emigrante clandestino / _cAgliberto Meléndez ; ilustración de portada: Harold Priego ; diseño de cubierta y diagramación: Jesús Alberto de la Cruz. |
| 250 | _a2da. ed. | ||
| 260 |
_aSanto Domingo : _bEditora Búho, _c2020. |
||
| 300 |
_a164 p. : _bil., retrs. ; _c20 cm. |
||
| 500 | _aDe la portada: guion original de la película, con el comentario "así se batió el cobre" sobre la realización del film | ||
| 505 | 0 | _aAsí se batió el cobre 11 -- Un pasaje de ida 55 -- Reparto 57 -- Técnicos 60 -- Un pasaje de ida 67. | |
| 590 | _aInventariado, 2021 /LP | ||
| 650 | 4 |
_aGuiones cinematográficos _961986 |
|
| 650 | 4 |
_aCine _zRepública Dominicana _xArgumentos, tramas, etc. _961987 |
|
| 650 | 4 |
_aExtranjeros ilegales _961988 |
|
| 650 | 4 |
_aInmigrantes _xPelículas cinematográficas _961989 |
|
| 700 | 1 |
_aPriego, Harold, _eilustración de portada _978061 |
|
| 700 | 1 |
_aCruz, Jesús Alberto de la, _ediseño de cubierta y diagramación _976790 |
|
| 910 | _aValidado. Control de la calidad. MAA | ||
| 942 |
_2ddc _cLBS1 |
||
| 999 |
_c49529 _d49529 |
||